瀬戸内海の小区分 - Statistics

General Stats
  • This quiz has been taken 45 times
  • The average score is 6 of 12
Answer Stats
Answer % Correct
播磨灘
76%
大阪湾
68%
豊後水道
68%
伊予灘
62%
燧灘
59%
紀伊水道
59%
広島湾
53%
周防灘
53%
安芸灘
35%
備後灘
24%
備讃瀬戸
21%
響灘
15%
No matching quizzes found
Score Distribution
Percent of People with Each Score
Percentile by Number Answered
Your Score History
You have not taken this quiz